| 000 | 00464nam a22001577a 4500 | ||
|---|---|---|---|
| 008 | 230403b |||||||| |||| 00| 0 eng d | ||
| 040 |
_aNational Science Library _cNational Science Library |
||
| 080 |
_a141.131 _bK2 |
||
| 100 |
_aMahdi, Muhsin _96180 |
||
| 245 |
_aAlfarabi's: _bPhilosophy of plato and aristotle |
||
| 260 |
_aNew York: _bCornell University Press, _c1962 |
||
| 300 | _axxv, 156p. | ||
| 650 | _aPhilosophy | ||
| 653 | _aPlato | ||
| 942 |
_2udc _cBK |
||
| 999 |
_c18006 _d18006 |
||